[Event "Biel op"]
[Site "Biel"]
[Date "1994.??.??"]
[Round "6"]
[White "Van Riemsdijk, Herman C"]
[Black "Gunawan, Ruben"]
[Result "0-1"]
[WhiteElo "2420"]
[BlackElo "2345"]

1.e4 c5 2.Nf3 e6 3.d4 cxd4 4.Nxd4 a6 5.Nc3 Qc7 6.g3 Nf6 7.Bg2 Be7 8.O-O O-O
9.Be3 d6 10.Qe2 Bd7 11.Rfd1 Nc6 12.Nxc6 Bxc6 13.Bf4 b5 14.e5 dxe5 15.Bxe5 Qb7
16.Bxc6 Qxc6 17.a3 Rac8 18.Rd2 Nd7 19.Bf4 Nb6 20.Rd3 Nc4 21.Ra2 Rfe8 22.Qe4 Qb6
23.Nd1 e5 24.Be3 Qe6 25.Nc3 Nxe3 26.Rxe3 Rxc3 27.Rxc3 Qxa2 28.Qxe5 Kf8 29.Rc7 h6
30.Qe4 Bd6  0-1

[Event "Biel"]
[Site "Biel"]
[Date "1994.??.??"]
[Round "7"]
[White "Gavrikov, Viktor"]
[Black "Cramling, Pia"]
[Result "1/2-1/2"]
[WhiteElo "2600"]
[BlackElo "2525"]

1.e4 c5 2.Nf3 e6 3.d4 cxd4 4.Nxd4 a6 5.Nc3 Qc7 6.g3 Bb4 7.Ne2 Nf6 8.Bg2 Be7
9.O-O Nc6 10.h3 O-O 11.Be3 Rb8 12.g4 b5 13.a3 Bb7 14.g5  1/2-1/2

[Event "Biel"]
[Site "Biel"]
[Date "1994.??.??"]
[Round "8"]
[White "Masserey, Yvan"]
[Black "Gavrikov, Viktor"]
[Result "1/2-1/2"]
[WhiteElo "2300"]
[BlackElo "2600"]

1.e4 c5 2.Nf3 e6 3.d4 cxd4 4.Nxd4 a6 5.Nc3 Qc7 6.f4 b5 7.Bd3 Bb7 8.Qe2 b4
9.Nd1 Nf6 10.e5 Nd5 11.Nf2 Nc6 12.Nf3 Be7 13.Bd2 d6 14.O-O dxe5 15.fxe5 Bc5
16.Qe4 Nde7 17.Qf4 Rd8 18.Kh1 Nd4 19.Ng5 Ndf5 20.Nfe4 Ng6 21.Qg4 Nxe5 22.Qf4 Bb6
23.Bxb4 Nxd3 24.Qxc7 Bxc7 25.cxd3 Rxd3 26.Rac1 Bb6 27.Nc5 Bxc5 28.Rxc5 Ne3
29.Rc7 Bxg2+ 30.Kg1 Bxf1 31.Re7+ Kd8 32.Nxf7+ Kc8 33.Nxh8 Bh3 34.Nf7 Nd5
35.Nd6+ Kb8 36.Rb7+ Ka8 37.Bc5 Rd1+ 38.Kf2 Rd2+ 39.Ke1 Rc2 40.Ra7+ Kb8 41.Rb7+ Ka8
42.Ra7+  1/2-1/2

[Event "Wch Seniors"]
[Site "Biel"]
[Date "1994.??.??"]
[Round "9"]
[White "Gurgenidze, Bukhuti"]
[Black "Taimanov, Mark E"]
[Result "1/2-1/2"]
[WhiteElo "2390"]
[BlackElo "2500"]

1.e4 c5 2.Nf3 e6 3.Nc3 a6 4.d4 cxd4 5.Nxd4 Nc6 6.Nxc6 bxc6 7.Bd3 d5 8.O-O Nf6
9.Qe2 Be7 10.b3 O-O 11.Bb2 Bb7 12.Rad1 c5 13.exd5 exd5 14.Bf5  1/2-1/2

[Event "Bled op (Women)"]
[Site "Bled"]
[Date "1994.??.??"]
[Round "?"]
[White "Mihevc, Narcisa"]
[Black "Orel, Simona"]
[Result "1-0"]
[WhiteElo "2130"]
[BlackElo "2040"]

1.e4 c5 2.Nf3 e6 3.d4 cxd4 4.Nxd4 a6 5.Nc3 Qc7 6.Be2 b5 7.O-O Bb7 8.Bf3 Nc6
9.Nxc6 dxc6 10.Re1 e5 11.Qe2 Nf6 12.Nd1 Be7 13.Ne3 g6 14.c4 O-O 15.Bd2 Rad8
16.Rac1 Qb8 17.Ba5 Rd7 18.Bg4 Nxg4 19.Qxg4 Rd3 20.Nf5 Bd8 21.Bb4 Re8 22.Qe2 Rd7
23.Nh6+ Kg7 24.Ng4 h5 25.Ne3 Be7 26.Bc3 b4 27.Bd2 Red8 28.Red1 Rd3 29.Nc2 b3
30.axb3 Rxb3 31.Bc3 f6 32.Rxd8 Qxd8 33.Rd1 Qe8 34.Na1 Rxc3 35.bxc3 Bc8 36.Qa2 Qg8
37.Nc2 Qe6 38.Nb4 Qg4 39.f3 Bc5+ 40.Kh1 Qh4 41.Qa5 Bf2 42.Qc7+ Kh6 43.Qxc8 Be1
44.Nd3 Bxc3 45.Qxa6 g5 46.Qxc6 g4 47.fxg4 hxg4 48.Rf1  1-0

[Event "Bled op"]
[Site "Bled"]
[Date "1994.??.??"]
[Round "?"]
[White "Riegler, Primoz"]
[Black "Sax, Gyula"]
[Result "0-1"]
[WhiteElo "2270"]
[BlackElo "2520"]

1.e4 c5 2.Nf3 e6 3.d4 cxd4 4.Nxd4 a6 5.Nc3 Qc7 6.Bd3 b5 7.O-O Bb7 8.Qe2 d6
9.Bd2 Nd7 10.b4 g6 11.Nd1 Bg7 12.Bc3 Ngf6 13.a4 bxa4 14.Rxa4 O-O 15.Ba1 e5
16.Nb3 d5 17.Bxa6 Bxa6 18.Rxa6 Rxa6 19.Qxa6 Qxc2 20.Na5 d4 21.f3 Qa4 22.Nf2 Qxb4
23.Nc6 Qd2 24.Rd1 Qe3 25.Bb2 Re8 26.Qc4 Qg5 27.Nd3 Qh5 28.Ra1 Bh6 29.Qb5 Be3+
30.Kh1 Kg7 31.Bc1 Bxc1 32.Rxc1 Qh6 33.Rb1 Qh5 34.Ra1 Qh6 35.Rb1 Qg5 36.Ra1 Qh6
37.Nc5 Nxc5 38.Qxc5 Qf4 39.Qc4 Re6 40.Nd8 Re7 41.Nc6 Rc7 42.Qb5 Qe3 43.h3 Qc3
44.Ra6 d3  0-1

[Event "Bucharest-B (Women)"]
[Site "Bucharest"]
[Date "1994.??.??"]
[Round "?"]
[White "Ivanova, Svetlana"]
[Black "Gogalea, Eleonora"]
[Result "0-1"]
[WhiteElo "2080"]
[BlackElo "2070"]

1.e4 c5 2.Nf3 e6 3.Nc3 a6 4.d4 cxd4 5.Nxd4 b5 6.a3 Bb7 7.Bd3 Qc7 8.O-O Nf6
9.Kh1 h5 10.Nde2 Bc5 11.Bf4 Qb6 12.f3 h4 13.b4 Be3 14.Bxe3 Qxe3 15.Qc1 Qxc1
16.Raxc1 Nc6 17.f4 d6 18.Nd1 Ne7 19.Nf2 Rc8 20.a4 bxa4 21.Ra1 Rh5 22.Rxa4 Kd7
23.Nd4 Ng6 24.Be2 h3 25.Nxh3 Rxh3 26.gxh3 Nxe4 27.Kg1 Nc3 28.f5 exf5 29.Bd3 Nxa4
30.Bxf5+ Ke7 31.Bxc8 Bxc8 32.Re1+ Ne5 33.Nc6+ Ke6 34.Nb8 Nc3 35.Ra1 Nd5 36.Nxa6 Bxa6
37.Rxa6 Nxb4 38.Ra4 Nxc2 39.Ra2 Nd4 40.Kf2 Nf5 41.Ra4 Kd5 42.Ke2 g5 43.Ra5+ Ke4
44.Ra4+ Nd4+ 45.Kf2 f5 46.Kg2 d5 47.h4 gxh4 48.Kh3 Nf3 49.Rb4 Ke3 50.Ra4 Ne2
51.Kg2 Nf4+ 52.Kf1 d4 53.Ra3+ d3 54.Ra8  0-1

[Event "ROM-ch"]
[Site "Bucharest"]
[Date "1994.??.??"]
[Round "11"]
[White "Nisipeanu, Liviu Dieter"]
[Black "Badea, Bela"]
[Result "1-0"]
[WhiteElo "2420"]
[BlackElo "2435"]

1.e4 c5 2.Nf3 e6 3.d4 cxd4 4.Nxd4 a6 5.Nc3 Qc7 6.Bd3 Nc6 7.Be3 Nf6 8.O-O Bb4
9.Kh1 Nxd4 10.Bxd4 e5 11.Be3 Bxc3 12.bxc3 d6 13.Qf3 h6 14.Rab1 b5 15.Rb4 Bd7
16.Rfb1 Qxc3 17.R4b3 Qc8 18.h3 Be6 19.R3b2 Nd7 20.Qg3 g5 21.c4 bxc4 22.Rc1 Qc6
23.Bxc4 Bxc4 24.Rb4 Rc8 25.Qf3 Ke7 26.Rcxc4 Qxc4 27.Rxc4 Rxc4 28.Qe2 Rc6
29.Qh5 Rcc8 30.Qe2 Ra8 31.h4 f6 32.h5 Rhb8 33.Kh2 a5 34.Kg3 Rb4 35.Qc2 Rab8
36.a3 Rb3 37.Kg4 f5+ 38.exf5 Nf6+ 39.Kh3 g4+ 40.Kh4 Rb1 41.Qc7+ Ke8 42.Bxh6 Rd8
43.Kg5 Nd7 44.Bg7 Nc5 45.Kg6 Rb7 46.Qc6+ Rdd7 47.h6 Rc7 48.h7  1-0

[Event "Schneider mem"]
[Site "Budapest"]
[Date "1994.??.??"]
[Round "?"]
[White "Patrat, Alexandre"]
[Black "Zemerov, Vladimir"]
[Result "0-1"]
[WhiteElo "2195"]
[BlackElo "2415"]

1.e4 c5 2.Nf3 e6 3.Nc3 a6 4.d4 cxd4 5.Nxd4 Nc6 6.g3 d6 7.Bg2 Bd7 8.O-O Nf6
9.a4 Be7 10.Nce2 Rc8 11.b3 Nxd4 12.Nxd4 b5 13.axb5 axb5 14.Bd2 Qb6 15.Ba5 Qc5
16.c3 O-O 17.Bb4 Qb6 18.Ba5 Qb8 19.Bb4 Rfe8 20.Qe2 e5 21.Nc2 Be6 22.Rfb1 d5
23.Ra5 Bxb4 24.Rxb5 Qa7 25.Nxb4 Bd7 26.Rxd5 Rxc3 27.Rdd1 Qb7 28.Nd5 Nxd5
29.Rxd5 Bc6 30.Rd3 Bb5 31.Rbd1 Bxd3 32.Rxd3 Rxb3 33.Rxb3 Qxb3 34.Bf3 g6 35.Kg2 Rd8
36.Qa6 Qd3 37.Qf6 Qd6 38.Qg5 Kg7 39.Qc1 Qd4 40.h4 h6 41.Qb1 Rd6 42.h5 Rb6
43.Qe1 g5 44.Bg4 Rb2 45.Bf5 Qd2 46.Qf1 Qe2 47.Qxe2 Rxe2 48.Kf3 Rb2 49.Bd7 Kf6
50.Bc6 g4+ 51.Kxg4 Rxf2 52.Bd5 Ke7 53.Bb7 Kd6 54.Ba8 Kc5 55.Bb7 Kd4 56.Ba8 f5+  0-1

[Event "Budapest FS04 GM"]
[Site "Budapest"]
[Date "1994.??.??"]
[Round "1"]
[White "Liss, Eran"]
[Black "Horvath, Csaba"]
[Result "1-0"]
[WhiteElo "2460"]
[BlackElo "2535"]

1.e4 c5 2.Nf3 e6 3.d4 cxd4 4.Nxd4 a6 5.Nc3 Qc7 6.Be2 b5 7.O-O Bb7 8.Bf3 Nc6
9.Re1 Ne5 10.Bf4 d6 11.a4 bxa4 12.Rxa4 Nf6 13.Be2 Be7 14.Qa1 O-O 15.Bxa6 Bxa6
16.Rxa6 Qb7 17.Rxa8 Rxa8 18.Qc1 Rb8 19.b3 Rc8 20.Bd2 Bd8 21.Ndb5 Bb6 22.Be3 Ba5
23.Nxd6 Qd7 24.Nxc8 Qxc8 25.Bd4 Bxc3 26.Bxc3 Qxc3 27.Qa1 Qxa1 28.Rxa1 Kf8
29.f3 Nc6 30.c3 Ke7 31.b4 Nd7 32.Kf2 Kd6 33.Ke3 Kc7 34.b5 Ncb8 35.Kd4 Kb6
36.c4 h5 37.f4 g6 38.Ra8 Kb7 39.Ra2 Kb6 40.Ra3 Nc5 41.Ke5 f5 42.exf5 Nbd7+
43.Kd6 gxf5 44.Ra8 Nf6 45.Rb8+ Ka5 46.Kc7  1-0

[Event "Budapest Spring op"]
[Site "Budapest"]
[Date "1994.??.??"]
[Round "2"]
[White "Henssler, Joachim"]
[Black "Izsak, Gyula"]
[Result "1/2-1/2"]
[WhiteElo "2230"]
[BlackElo "2365"]

1.e4 c5 2.Nf3 e6 3.d4 cxd4 4.Nxd4 a6 5.Nc3 Qc7 6.Bd3 Nc6 7.Nb3 Nf6 8.O-O Be7
9.Bg5 d6 10.f4 Bd7 11.Qe2 h6 12.Bh4 Nxe4 13.Nxe4 Bxh4 14.Qg4 d5 15.Qxh4 dxe4
16.Bxe4 O-O 17.Rad1 Rad8 18.Rd3 f5 19.Bxc6 Bxc6 20.Rg3 Kh8 21.c3 e5 22.fxe5 Qxe5
23.Nd4 Be4 24.Rg6 Rxd4 25.cxd4 Qxd4+ 26.Qf2 Qd5 27.Qf4 Rc8 28.Qd6 Qxd6 29.Rxd6 Rc2
30.Rf2 Rc1+ 31.Rf1 Rc2  1/2-1/2

[Event "Budapest FS12 IM"]
[Site "Budapest"]
[Date "1994.??.??"]
[Round "3"]
[White "Lengyel, Bela"]
[Black "Letreguilly, Olivier"]
[Result "1/2-1/2"]
[WhiteElo "2320"]
[BlackElo "2295"]

1.e4 c5 2.Nf3 e6 3.d4 cxd4 4.Nxd4 a6 5.Nc3 Qc7 6.f4 b5 7.Be2 Bb7 8.Bf3 b4
9.Na4 d6 10.c4 Nf6 11.Qe2 Nbd7 12.O-O Be7 13.e5 dxe5 14.fxe5 Ng8 15.Kh1 Bc5
16.Nxc5 Nxc5 17.Bg5 Rc8 18.a3 b3 19.Qe3 Qb6 20.Rad1 h6 21.Bh4 Ne7 22.Bxe7 Kxe7
23.Bh5 Rhf8 24.Qg3 g6 25.Qh4+ Ke8 26.Bf3 h5 27.Ne2 Rd8 28.Bxb7 Nxb7 29.Nc3 Nc5
30.Qf2 Qc7 31.Rxd8+ Kxd8 32.Rd1+ Kc8 33.Rd6 Rd8 34.Qd4 Rxd6 35.exd6 Qc6 36.h3 Nb7
37.Qh8+ Kd7 38.c5 Qxc5 39.Qa8 Nxd6 40.Qxa6 Qe3 41.Qa4+ Ke7 42.Qxb3 Qe1+ 43.Kh2 Qe5+
44.Kg1 Qe1+ 45.Kh2  1/2-1/2

[Event "Budapest Spring op"]
[Site "Budapest"]
[Date "1994.??.??"]
[Round "4"]
[White "Sziraki, Tamas"]
[Black "Izsak, Gyula"]
[Result "1/2-1/2"]
[WhiteElo "2240"]
[BlackElo "2365"]

1.e4 c5 2.Nf3 e6 3.d4 cxd4 4.Nxd4 a6 5.Nc3 Qc7 6.Be2 Nf6 7.O-O Nc6 8.Be3 Be7
9.f4 d6 10.a4 Bd7 11.Qe1 O-O 12.Qg3 d5 13.e5 Ne4 14.Nxe4 dxe4 15.Nxc6 Qxc6
16.Rfd1 Rfd8 17.Qf2 Be8 18.c3 Rxd1+ 19.Bxd1 Rd8 20.Bc2 f6 21.exf6 Bxf6 22.Qe2 e5
23.fxe5 Bxe5 24.Rd1 Rxd1+ 25.Qxd1 Bf6 26.Qg4 Bg6 27.Bb3+ Bf7 28.Qd1 h6 29.Bxf7+ Kxf7
30.Kf2 Qe6 31.Qh5+ Kg8 32.Bd4 Bg5 33.Qe2 Qf5+ 34.Kg1 Kh7 35.b3 Qf4 36.g3 Qf5
37.Kg2 Qd5 38.Kg1 b5 39.axb5 axb5 40.Kf2 b4 41.h4 bxc3 42.Bxc3 Be7 43.Bd2 Bd6
44.Bf4 Qf5 45.Qd2 Bc5+ 46.Kg2 Qg4 47.Qd5 Qf3+ 48.Kh3 h5 49.Qf5+ Kg8 50.Qe6+ Kf8
51.Qc8+ Kf7 52.Qf5+  1/2-1/2

[Event "Papp Bela mem"]
[Site "Budapest"]
[Date "1994.??.??"]
[Round "4"]
[White "Medvegy, Zoltan"]
[Black "Fancsy, Imre"]
[Result "0-1"]
[WhiteElo "2280"]
[BlackElo "2400"]

1.e4 c5 2.Nf3 e6 3.d4 cxd4 4.Nxd4 a6 5.Nc3 Qc7 6.Bd3 Nf6 7.O-O Bc5 8.Nb3 Be7
9.Qf3 Nc6 10.Bf4 d6 11.Kh1 O-O 12.Rad1 b5 13.h3 Bb7 14.a3 Rfd8 15.Bc1 Ne5
16.Qg3 Nh5 17.Qh2 Rac8 18.g4 Nf6 19.g5 Nfd7 20.Qg3 Nc4 21.Ne2 Ndb6 22.Nbd4 Na4
23.b3 Nc5 24.f3 Ne5 25.Bb2 g6 26.h4 Nexd3 27.cxd3 e5 28.Nf5 gxf5 29.exf5 Nxb3
30.f6 Bf8 31.h5 Qd7 32.g6 Qf5 33.g7 Qxh5+ 34.Kg2 Qg6 35.gxf8=Q+ Kxf8 36.Bc3 Qxf6
37.Kf2 Ke7 38.Rb1 Nc5 39.Qh3 Nxd3+ 40.Ke3 Nf4  0-1

[Event "Budapest Spring op"]
[Site "Budapest"]
[Date "1994.??.??"]
[Round "6"]
[White "Sziraki, Tamas"]
[Black "Ruck, Tamas"]
[Result "0-1"]
[WhiteElo "2240"]
[BlackElo "2320"]

1.e4 c5 2.Nf3 e6 3.d4 cxd4 4.Nxd4 a6 5.Nc3 b5 6.Bd3 Bb7 7.O-O Qc7 8.Re1 Nf6
9.e5 Nd5 10.Nxd5 Bxd5 11.Qg4 Nc6 12.Nxc6 Qxc6 13.Bg5 h5 14.Qg3 h4 15.Qh3 Bc5
16.Rac1 Qb6 17.Be3 Rc8 18.Bxc5 Rxc5 19.Qg4 Kf8 20.h3 Qc7 21.b3 Rc3 22.a4 d6
23.axb5 axb5 24.Qb4 Qc5 25.Qa5 Ke7 26.exd6+ Kxd6 27.Bc4 b4 28.Qxc5+ Kxc5
29.Bxd5 Kxd5 30.Red1+ Ke5 31.Rd7 Kf6 32.Rd4 e5 33.Rxb4 g5 34.Rb5 Kf5 35.Rb7 f6
36.Rb6 Rd8 37.Ra6 Rd2 38.Ra2 Rxb3 39.cxb3 Rxa2 40.Rb1 Ra5 41.Kf1 Ke4 42.b4 Rb5
43.Ke2 Kd5 44.Rd1+ Ke6 45.Rb1 f5 46.Ke3 Kd5 47.Kd3 e4+ 48.Kc3 Ke5 49.Kc4 Rb8
50.Rb2 Rc8+ 51.Kb5 g4 52.Ka6 g3 53.b5 gxf2 54.Rxf2 e3 55.Ra2 Ra8+  0-1

[Event "Papp Bela mem"]
[Site "Budapest"]
[Date "1994.??.??"]
[Round "7"]
[White "Pergel, Laszlo"]
[Black "Csoke, Krisztian"]
[Result "0-1"]
[WhiteElo "2030"]
[BlackElo "2300"]

1.e4 c5 2.Nf3 e6 3.Nc3 a6 4.d4 cxd4 5.Nxd4 Qc7 6.g3 Nf6 7.Bg2 d6 8.O-O Be7
9.f4 O-O 10.g4 Nc6 11.Nxc6 bxc6 12.g5 Nd7 13.f5 f6 14.g6 h6 15.Qh5 Ne5 16.Rf4 Rd8
17.Rh4 Bf8 18.Bf4 Qb6+ 19.Kf1 Qxb2 20.Bxh6 Qxa1+ 21.Bc1 Qxc1+ 22.Kf2 Qh6  0-1

[Event "Budapest FS10 IM-A"]
[Site "Budapest"]
[Date "1994.??.??"]
[Round "8"]
[White "Simons, Rudi"]
[Black "Izsak, Gyula"]
[Result "0-1"]
[WhiteElo "2250"]
[BlackElo "2400"]

1.e4 c5 2.Nf3 e6 3.d4 cxd4 4.Nxd4 a6 5.Nc3 Qc7 6.Be3 Bb4 7.Qd2 Nf6 8.f3 d5
9.e5 Qxe5 10.a3 Ba5 11.Be2 Qc7 12.b4 Bb6 13.Na4 Nbd7 14.Rc1 e5 15.Nf5 Bxe3
16.Qxe3 g6 17.Nh6 b5 18.Nc5 Nxc5 19.bxc5 Nd7 20.Rd1 Bb7 21.f4 d4 22.Rxd4 O-O-O
23.fxe5 Qxe5 24.Qxe5 Nxe5 25.Rxd8+ Rxd8 26.O-O Rd2 27.Rf2 f5 28.g4 f4 29.c6 Bxc6
30.g5 Kc7 31.Bg4 Rd4 32.h3 f3 33.Kh2 Ra4 34.Be6 Rxa3 35.Bg8 Rc3 36.Bxh7 a5
37.h4 a4 38.Kg3 a3 39.Kf4 a2 40.Rf1 f2  0-1

[Event "Budapest FS06 IM-B"]
[Site "Budapest"]
[Date "1994.??.??"]
[Round "9"]
[White "Tornai, Imre"]
[Black "Orso, Miklos"]
[Result "0-1"]
[WhiteElo "2245"]
[BlackElo "2330"]

1.e4 c5 2.Nf3 e6 3.d4 cxd4 4.Nxd4 a6 5.Nc3 Qc7 6.Bd3 b5 7.Be3 Bb7 8.a4 b4
9.Nce2 Nf6 10.f3 Bd6 11.Qd2 Nc6 12.Nxc6 Bxc6 13.Bf4 Bxf4 14.Qxf4 Qxf4 15.Nxf4 e5
16.Ne2 a5 17.c4 d6 18.b3 Nd7 19.Bc2 Nc5 20.O-O-O Ke7 21.Ng3 g6 22.Nf1 Ne6
23.Rd2 Nd4 24.Ne3 Rhf8 25.Rhd1 Kd7 26.Kb2 Kc7 27.Bb1 Rad8 28.Rc1 Ne6 29.Rcd1 f6
30.Bd3 Nc5 31.Bc2 Rd7 32.h4 h5 33.Rg1 Ne6 34.Rgd1 Nd4 35.Bb1 Rdf7 36.Nc2 Nxc2
37.Bxc2 Rd7 38.Bd3 f5 39.Re2 Rg7 40.Rh1 Kb6 41.Rhe1 Kc5 42.Rd2 Rf6 43.Kc2 Rg8
44.Kb2 Rgf8 45.Kc2 Rg8 46.Kb2 Be8 47.Bc2 Bf7 48.Red1 f4 49.Rh1 g5 50.hxg5 Rxg5
51.Rh2 Rh6 52.Bd1 h4 53.Kc2 Rg3 54.Kd3 h3 55.gxh3 Rhxh3 56.Rxh3 Rxh3 57.Kc2 Rh1
58.Rg2 Bh5 59.Rf2 Re1 60.Kd2 Re3 61.Kc2 Rc3+ 62.Kb2 Kd4 63.Rd2+ Kc5 64.Rf2 Rd3
65.Kc2 Re3 66.Rf1 Kd4 67.Rf2 Re1 68.Rd2+ Kc5 69.Rd5+ Kc6 70.Kd2 Re3 71.Rd3 Rxd3+
72.Kxd3 Be8 73.Bc2 Bd7 74.Bd1 Bh3 75.Be2 Kc5 76.Kd2 Kd4 77.Bd3 Bg2 78.Be2 Kc5
79.Kd3 Bh3 80.Kd2 Bd7 81.Bf1 Kd4 82.Be2 Bc6 83.Bf1 Bxe4 84.fxe4 Kxe4 85.Bd3+ Kd4
86.Bc2 e4 87.Ke2 Kc3 88.Bd1 e3 89.Kf3 Kd2 90.Be2 Kc2 91.Kxf4 Kxb3 92.Kxe3 Kxa4
93.Kd4 b3 94.Bd1 Kb4 95.Kd3 a4 96.Kd2 a3 97.Kc1 Kxc4 98.Kb1 d5 99.Be2+ Kc3
100.Bd1 d4 101.Ka1 d3 102.Kb1 b2 103.Bh5 a2+ 104.Kxa2 Kc2  0-1

[Event "Budapest FS03 IM-A"]
[Site "Budapest"]
[Date "1994.??.??"]
[Round "9"]
[White "Wapner, Jonathan"]
[Black "Reiter, Markus"]
[Result "1-0"]
[WhiteElo "2155"]
[BlackElo "2270"]

1.e4 c5 2.Nf3 e6 3.d4 cxd4 4.Nxd4 a6 5.Nc3 Nc6 6.f4 Qc7 7.Be3 d6 8.Qf3 Nf6
9.Bd3 Be7 10.O-O-O Nxd4 11.Bxd4 e5 12.fxe5 dxe5 13.Qg3 Qa5 14.Qxe5 Qxe5 15.Bxe5 O-O
16.Bc4 Ng4 17.Bd4 Bg5+ 18.Kb1 Ne3 19.Bxe3 Bxe3 20.Nd5 Bc5 21.b4 Ba7 22.Ne7+ Kh8
23.Nxc8 Raxc8 24.Bb3 Rc7 25.Rd3 g6 26.Rhd1 Re8 27.Rd8 Rxd8 28.Rxd8+ Kg7 29.Bd5 Re7
30.c4 Bg1 31.h3 Kf6 32.c5 a5 33.a3 axb4 34.axb4 Ke5 35.Rb8 f5 36.Rxb7 Rxb7
37.Bxb7 fxe4 38.Kc2 Kd4 39.Ba6 Bh2 40.Kb3 e3 41.Be2 Kd5 42.Ka4 Be5 43.Kb5 Bc3
44.Bf3+ Ke6 45.Kc4 Bd2 46.b5 Kd7 47.b6  1-0

[Event "Budapest FS02 IM-A"]
[Site "Budapest"]
[Date "1994.??.??"]
[Round "10"]
[White "Jurkovic, Ante"]
[Black "Skomorokhin, Roman"]
[Result "1/2-1/2"]
[WhiteElo "2305"]
[BlackElo "2395"]

1.e4 c5 2.Nf3 e6 3.Nc3 a6 4.d4 cxd4 5.Nxd4 Qc7 6.f4 Bb4 7.Bd2 Nf6 8.Bd3 d6
9.Qe2 Nbd7 10.Nf3 Bc5 11.O-O-O  1/2-1/2

[Event "Budapest FS12 IM"]
[Site "Budapest"]
[Date "1994.??.??"]
[Round "10"]
[White "Kawaciukova, Zuzana"]
[Black "Sziebert, Adam"]
[Result "0-1"]
[WhiteElo "2120"]
[BlackElo "2310"]

1.e4 c5 2.Nf3 e6 3.d4 cxd4 4.Nxd4 a6 5.Nc3 Qc7 6.Be2 Nf6 7.Be3 Nc6 8.O-O Bb4
9.Bd3 O-O 10.f4 Bc5 11.e5 Nxe5 12.fxe5 Qxe5 13.Bf2 Bxd4 14.Bxh7+ Nxh7 15.Bxd4 Qd6
16.Ne4 Qd5 17.Nc3 Qd6 18.Ne4 Qd5 19.Nc3 Qc6 20.Qh5 f6 21.Rf4 b5 22.Rg4 e5
23.Be3 f5 24.Rg6 Rf6 25.Rxf6 Nxf6 26.Qxf5 Bb7 27.Qg6 b4 28.Ne2 Rc8 29.c3 bxc3
30.Nxc3 d5 31.Rc1 d4 32.Ne2 Qb6 33.Rxc8+ Bxc8 34.Bh6 d3+ 35.Kh1 Qb7 36.Ng3 Bh3
37.Nh5 Nxh5 38.Bd2 Nf6 39.Qg3 Qxb2  0-1

[Event "ARG-ch"]
[Site "Buenos Aires"]
[Date "1994.??.??"]
[Round "2"]
[White "Playa, Marcelo"]
[Black "Spangenberg, Hugo"]
[Result "0-1"]
[WhiteElo "2340"]
[BlackElo "2510"]

1.e4 c5 2.Nf3 e6 3.Nc3 a6 4.d4 cxd4 5.Nxd4 Qc7 6.Bd3 g6 7.O-O Bg7 8.Be3 Nf6
9.f4 d6 10.Qf3 O-O 11.Rae1 Nc6 12.Nxc6 Qxc6 13.g4 b5 14.Ne2 Bb7 15.Nd4 Qc7
16.g5 Nd7 17.Qg4 e5 18.fxe5 Nxe5 19.Qg3 Nc4 20.b3 Nxe3 21.Qxe3 Rfe8 22.c4 bxc4
23.bxc4 Re7 24.Nf3 Rae8 25.Re2 Qc8 26.Qf4 Qc5+ 27.Kg2 Qa3 28.Rd1 Re6 29.h4 Bc6
30.Nh2 Be5 31.Qe3 Qa4 32.Rc1 Bg7 33.Ng4 Qa5 34.Rf1 Qc3 35.Qf3 Kh8 36.Re3 Bd4
37.Re2 R8e7 38.Rfe1 h5 39.Nh2 f5 40.gxf6 Rxf6 41.Qg3 Be5 42.Qe3 Bf4 43.Qb6 Qxd3
44.Qd8+ Kg7 45.Qxe7+ Rf7 46.Qe6 Qg3+ 47.Kh1 Be5  0-1

[Event "ARG-ch"]
[Site "Buenos Aires"]
[Date "1994.??.??"]
[Round "7"]
[White "Valerga, Diego"]
[Black "Rubinetti, Jorge A"]
[Result "1/2-1/2"]
[WhiteElo "2375"]
[BlackElo "2455"]

1.e4 c5 2.Nf3 e6 3.d4 cxd4 4.Nxd4 a6 5.Nc3 Qc7 6.g3 Nf6 7.Bg2 Be7 8.O-O O-O
9.Re1 d6 10.Be3 Nc6 11.Nxc6 bxc6 12.Na4 Rb8 13.c4 c5 14.b3 Bb7 15.Nc3 Nd7
16.f4 Rbd8 17.Qc2 Nb8 18.Rad1 Nc6 19.Ne2 Rfe8 20.Qb1 Bf8 21.Bf2 g6 22.Rd2 Bh6
23.Qd1 Qe7 24.h4 Qf8 25.g4 f6 26.Rf1 Qe7 27.Bg3 e5 28.g5 Bg7 29.Nc3 Nd4 30.fxe5 dxe5
31.gxf6 Bxf6 32.h5 Bg5 33.Rd3 Rf8 34.hxg6 Rxf1+ 35.Bxf1 hxg6 36.Nd5 Bxd5
37.cxd5 Rf8 38.Qg4 Kg7 39.Bg2 Bf4 40.Bf2 Qf6 41.Be1 Nc2 42.Bh4 g5 43.Bf2 Nd4
44.Rh3 Bd2 45.Bg3 Bf4 46.Bf2 Bd2 47.Bg3  1/2-1/2

[Event "BUL-ch"]
[Site "BUL"]
[Date "1994.??.??"]
[Round "7"]
[White "Stavrev, Nikolai"]
[Black "Genov, Petar"]
[Result "1-0"]
[WhiteElo "2245"]
[BlackElo "2470"]

1.e4 c5 2.Nf3 e6 3.d4 cxd4 4.Nxd4 a6 5.Nc3 Qc7 6.Be2 d6 7.O-O b5 8.Re1 b4
9.Nd5 exd5 10.exd5 Be7 11.Bf3 Nf6 12.a3 O-O 13.axb4 Bd8 14.Ra3 Bd7 15.Bf4 Qb6
16.Qd2 Re8 17.Rxe8+ Nxe8 18.c4 Nf6 19.Be3 Qb7 20.c5 Bg4 21.c6 Qc8 22.Qe2 Bb6
23.h3 Bxf3 24.Qxf3 Ra7 25.Nf5 Qd8 26.Bxb6 Qxb6 27.Qg3 g6 28.Re3 Qxb4 29.Qg5 Qxb2
30.Qxf6  1-0

[Event "Bytom op"]
[Site "Bytom"]
[Date "1994.??.??"]
[Round "?"]
[White "Bielczyk, Jacek"]
[Black "Blehm, Pawel"]
[Result "1/2-1/2"]
[WhiteElo "2380"]
[BlackElo "2115"]

1.e4 c5 2.Nf3 e6 3.d4 cxd4 4.Nxd4 a6 5.Nc3 Nc6 6.g3 Nxd4 7.Qxd4 Ne7 8.Bg2 Nc6
9.Qd2 Qc7 10.O-O Be7 11.Rd1 d6 12.b3 b5 13.Bb2 O-O 14.Ne2 Bb7 15.Nf4 Rfd8
16.Rac1 Ne5  1/2-1/2

[Event "ESP-chT"]
[Site "Cala Galdana"]
[Date "1994.??.??"]
[Round "?"]
[White "Rojo Huerta, Gabriel"]
[Black "Cacho Reigadas, Sergio"]
[Result "1/2-1/2"]
[WhiteElo "2370"]
[BlackElo "2385"]

1.e4 c5 2.Nf3 e6 3.d4 cxd4 4.Nxd4 a6 5.Nc3 Qc7 6.Bd3 Nf6 7.f4 Nc6 8.Nxc6 dxc6
9.e5 Nd7 10.O-O b5 11.Ne4 Nc5 12.Nxc5 Bxc5+ 13.Kh1 O-O 14.Qe2 g6 15.Be3 Qb6
16.Bxc5 Qxc5 17.Rad1 Bb7 18.Be4 Rad8 19.Rd3 Rxd3 20.Qxd3 Qe7 21.Qf3 Rd8 22.Rd1 Rxd1+
23.Qxd1 c5 24.Bxb7 Qxb7 25.Qd8+ Kg7 26.Qf6+  1/2-1/2

[Event "Calcutta op"]
[Site "Calcutta"]
[Date "1994.??.??"]
[Round "11"]
[White "Barcenilla, Rogelio"]
[Black "Rao, Vivek"]
[Result "1-0"]
[WhiteElo "2455"]
[BlackElo "2435"]

1.e4 c5 2.Nf3 e6 3.d4 cxd4 4.Nxd4 a6 5.Nc3 d6 6.Be2 b5 7.O-O Bb7 8.Bd3 Nf6
9.Qe1 Be7 10.a3 Nbd7 11.Kh1 Qb6 12.f4 h6 13.Nf3 e5 14.fxe5 Nxe5 15.Nxe5 dxe5
16.Qg3 Rc8 17.Be3 Qc7 18.Rae1 Bf8 19.Nd1 Qc6 20.Nf2  1-0

[Event "ESP-ch"]
[Site "Canete"]
[Date "1994.??.??"]
[Round "?"]
[White "Martin Gonzalez, A."]
[Black "Cacho Reigadas, Sergio"]
[Result "1/2-1/2"]
[WhiteElo "2420"]
[BlackElo "2385"]

1.e4 c5 2.Nf3 e6 3.d4 cxd4 4.Nxd4 a6 5.Nc3 Qc7 6.Bd3 Nf6 7.O-O Nc6 8.Be3 Nxd4
9.Bxd4 Bc5 10.Bxc5 Qxc5 11.Na4 Qc7 12.c4 d6 13.Rc1 Nd7 14.Bb1 O-O 15.Qd4 e5
16.Qd2 Nc5 17.Nc3 Ne6 18.Nd5 Qd8 19.b4 Bd7 20.Ne3 Qg5 21.Rcd1 Rad8 22.Nd5 Qxd2
23.Rxd2 Nd4 24.Bd3 Rfe8 25.Rc1 Be6 26.Nc3 Rc8 27.Ne2 Nxe2+ 28.Bxe2 Red8 29.f3 Kf8
30.Kf2 Ke7 31.Rdc2 Rd7 32.Ke3 Rdc7 33.Bd3 g6 34.a3 f6 35.g3 Bg8 36.Bf1 Be6
37.Bd3 Rc6 38.f4 Bg8 39.Kd2 Bf7 40.Rc3 R6c7 41.Be2 Be6 42.Kd3 g5 43.fxg5  1/2-1/2

[Event "Cannes op"]
[Site "Cannes"]
[Date "1994.??.??"]
[Round "2"]
[White "Payen, Arnaud"]
[Black "Rotstein, Arkadij"]
[Result "1-0"]
[WhiteElo "2300"]
[BlackElo "2480"]

1.e4 c5 2.Nf3 e6 3.d4 cxd4 4.Nxd4 a6 5.Nc3 Qc7 6.Be2 Nf6 7.O-O Bb4 8.Qd3 Nc6
9.Nxc6 bxc6 10.f4 d5 11.e5 Nd7 12.Na4 a5 13.Qg3 O-O 14.c4 f6 15.exf6 Nxf6
16.Be3 Ne4 17.Qh4 Be7 18.Qe1 Bd6 19.Bd3 Ba6 20.Bxe4 dxe4 21.b3 c5 22.Rd1 Rf5
23.Qd2 Rd8 24.Nc3 Be7 25.Qc2 Rxd1 26.Rxd1 Bb7 27.Nb5 Qc6 28.Qd2 a4 29.bxa4 Rf8
30.a5 Ra8 31.Qd7 Rd8 32.Qxd8+ Bxd8 33.Rxd8+ Kf7 34.Rd6 Qc8 35.Rb6 Kf6 36.Nd6 Qd7
37.Nxb7 Qd1+ 38.Kf2 Qc2+ 39.Kg3 Qe2 40.Rb3 h5 41.h3 Qxa2 42.Nxc5 Qxa5 43.Nxe4+ Kg6
44.Nd2 Qa1 45.Kf2 e5 46.fxe5 Qxe5 47.Rb5 Qe8 48.Rg5+ Kh7 49.c5 g6 50.Rg3 Qf7+
51.Rf3 Qd5 52.Rf4 g5 53.Rd4 Qf5+ 54.Ke2 Qe6 55.Rc4 Qc6 56.Kf2 Qf6+ 57.Kg1 Qe6
58.Bxg5 Qe5 59.Bf4 Qe1+ 60.Kh2  1-0

[Event "Cappelle op"]
[Site "Cappelle la Grande"]
[Date "1994.??.??"]
[Round "1"]
[White "Velikhanli, Firuza"]
[Black "Kovacevic, Slobodan"]
[Result "1-0"]
[WhiteElo "2315"]
[BlackElo "2400"]

1.e4 c5 2.Nf3 e6 3.Nc3 a6 4.d4 cxd4 5.Nxd4 Qc7 6.Bd3 b5 7.O-O Bb7 8.Be3 Nf6
9.a3 d6 10.Qe2 Nbd7 11.f4 Nc5 12.Bf2 Be7 13.e5 dxe5 14.fxe5 Nd5 15.Nxd5 Bxd5
16.c4 Bb7 17.cxb5 Nxd3 18.Qxd3 O-O 19.Qg3 Qd7 20.Rad1 Bd5 21.bxa6 Rxa6 22.Qd3 Qb7
23.Nf3 Ra4 24.b4 Rfa8 25.Ra1 Qa6 26.Qxa6 R4xa6 27.b5 Rxa3 28.Rxa3 Rxa3 29.Rc1 f5
30.b6 Rb3 31.h4 h6 32.Rc7 Kf8 33.h5 Bd8 34.Rc8 Ke7 35.Bh4+ g5 36.Bxg5+  1-0

[Event "Cappelle op"]
[Site "Cappelle la Grande"]
[Date "1994.??.??"]
[Round "3"]
[White "Mitkov, Nikola"]
[Black "Zygouris, Hristos"]
[Result "1-0"]
[WhiteElo "2470"]
[BlackElo "2245"]

1.e4 c5 2.Nc3 e6 3.Nf3 a6 4.d4 cxd4 5.Nxd4 Qc7 6.a3 Nf6 7.f4 d6 8.Be3 Nc6
9.Qf3 Be7 10.Bd3 Nxd4 11.Bxd4 e5 12.fxe5 dxe5 13.Qg3 Ng4 14.Nd5 Qd8 15.Nxe7 Qxe7
16.Bc3 f6 17.h3 Nh6 18.Bc4 b5 19.Bb3 Bb7 20.Bb4 Qc7 21.O-O-O Bxe4 22.Rhe1 Bg6
23.Bd6  1-0